| 000 -LEADER |
| fixed length control field |
00426 a2200157 4500 |
| 003 - CONTROL NUMBER IDENTIFIER |
| control field |
OSt |
| 005 - DATE AND TIME OF LATEST TRANSACTION |
| control field |
20230321154440.0 |
| 008 - FIXED-LENGTH DATA ELEMENTS--GENERAL INFORMATION |
| fixed length control field |
230309b ||||| |||| 00| 0 eng d |
| 020 ## - INTERNATIONAL STANDARD BOOK NUMBER |
| International Standard Book Number |
978-9352777518 |
| 082 ## - DEWEY DECIMAL CLASSIFICATION NUMBER |
| Classification number |
726.8095456 |
| Item number |
SAF |
| 100 ## - MAIN ENTRY--PERSONAL NAME |
| Personal name |
Rana Safvi |
| 245 ## - TITLE STATEMENT |
| Title |
The forgotten cities of delhi: book two in the where stones speak trilogy |
| 260 ## - PUBLICATION, DISTRIBUTION, ETC. (IMPRINT) |
| Name of publisher, distributor, etc |
HarperCollins India |
| Date of publication, distribution, etc |
2018 |
| Place of publication, distribution, etc |
India |
| 300 ## - PHYSICAL DESCRIPTION |
| Extent |
322p;. |
| 942 ## - ADDED ENTRY ELEMENTS (KOHA) |
| Source of classification or shelving scheme |
|